Comparative Anatomy of Vertebrates (Record no. 221601)
[ view plain ]
| 000 -LEADER | |
|---|---|
| fixed length control field | 00691nam a22002417a 4500 |
| 005 - DATE AND TIME OF LATEST TRANSACTION | |
| control field | 20220224152323.0 |
| 008 - FIXED-LENGTH DATA ELEMENTS--GENERAL INFORMATION | |
| fixed length control field | 220224b ||||| |||| 00| 0 eng d |
| 020 ## - INTERNATIONAL STANDARD BOOK NUMBER | |
| International Standard Book Number | 9789351070009 |
| 040 ## - CATALOGING SOURCE | |
| Transcribing agency | AL |
| 041 ## - LANGUAGE CODE | |
| Language code of text/sound track or separate title | English |
| 082 ## - DEWEY DECIMAL CLASSIFICATION NUMBER | |
| Edition number | 23 |
| Classification number | 596.04 |
| Item number | SAXC |
| 100 ## - MAIN ENTRY--PERSONAL NAME | |
| Personal name | Saxena R K and others |
| 100 ## - MAIN ENTRY--PERSONAL NAME | |
| 9 (RLIN) | 21854 |
| 245 ## - TITLE STATEMENT | |
| Title | Comparative Anatomy of Vertebrates |
| 250 ## - EDITION STATEMENT | |
| Edition statement | Ed 2. |
| 260 ## - PUBLICATION, DISTRIBUTION, ETC. | |
| Place of publication, distribution, etc. | New Delhi |
| Name of publisher, distributor, etc. | Viva Books |
| Date of publication, distribution, etc. | 2019 |
| 300 ## - PHYSICAL DESCRIPTION | |
| Extent | vii,667 p. |
| Other physical details | PB |
| Dimensions | 24x17 cm. |
| 365 ## - TRADE PRICE | |
| Price type code | MLSH21CRB338 |
| Price amount | ₹636.00 |
| Currency code | ₹ |
| Unit of pricing | ₹795.00 |
| Price note | 20% |
| Price effective from | 20-02-2022 |
| 650 ## - SUBJECT ADDED ENTRY--TOPICAL TERM | |
| Topical term or geographic name entry element | Comparative Anatomy |
| 9 (RLIN) | 21855 |
| 650 ## - SUBJECT ADDED ENTRY--TOPICAL TERM | |
| Source of heading or term | Zoology |
| 700 ## - ADDED ENTRY--PERSONAL NAME | |
| Personal name | SAXENA (R K) |
| 9 (RLIN) | 21856 |
| 700 ## - ADDED ENTRY--PERSONAL NAME | |
| Personal name | SAXENA (Sumitra) |
| 9 (RLIN) | 21857 |
| 942 ## - ADDED ENTRY ELEMENTS (KOHA) | |
| Source of classification or shelving scheme | Dewey Decimal Classification |
| Koha item type | Book |
| Withdrawn status | Lost status | Source of classification or shelving scheme | Damaged status | Not for loan | Collection code | Home library | Current library | Date acquired | Source of acquisition | Cost, normal purchase price | Total Checkouts | Full call number | Barcode | Date last seen | Date last checked out | Cost, replacement price | Price effective from | Koha item type |
|---|---|---|---|---|---|---|---|---|---|---|---|---|---|---|---|---|---|---|
| Dewey Decimal Classification | Zoology | St Aloysius Library | St Aloysius Library | 02/24/2022 | Sapna Book House(P) Ltd | 636.00 | 1 | 596.04 SAXC | 075508 | 07/28/2023 | 07/26/2023 | 795.00 | 02/24/2022 | Book |